Online
Catalog

Un desafío diferente : (Record no. 48614)

MARC details
000 -CABECERA
campo de control de longitud fija 01133nam a2200253 a 4500
003 - IDENTIFICADOR DEL NÚMERO DE CONTROL
campo de control DO-SdBNP
005 - FECHA Y HORA DE LA ÚLTIMA TRANSACCIÓN
campo de control 20250707112615.0
007 - CAMPO FIJO DE DESCRIPCIÓN FÍSICA--INFORMACIÓN GENERAL
campo de control de longitud fija ta
008 - DATOS DE LONGITUD FIJA--INFORMACIÓN GENERAL
campo de control de longitud fija 190722e2002 ad 100 spa d
040 ## - FUENTE DE LA CATALOGACIÓN
Centro catalogador/agencia de origen DO-SdBNP
Centro/agencia transcriptor spa
Normas de descripción BNPHU
082 #4 - NÚMERO DE LA CLASIFICACIÓN DECIMAL DEWEY
Número de clasificación 330.97293
Número de documento/Ítem R426d
Número de edición 22
111 #2 - ENTRADA PRINCIPAL--NOMBRE DE CONGRESO/REUNIÓN
Nombre de congreso/reunión o jurisdicción como elemento de entrada República Domininicana. Secretaría de Estado de Finanzas
Fecha del congreso/reunión (2002:
Sede del congreso/Lugar de la reunión Santiago de los Caballeros)
Término indicativo de función/relación Conferencia
9 (RLIN) 82345
245 10 - MENCIÓN DE TÍTULO
Título Un desafío diferente :
Resto del título crear una nación de combatientes /
Mención de responsabilidad, etc. presentación, Fernando Álvarez Bogaert
260 ## - PUBLICACIÓN, DISTRIBUCIÓN, ETC.
Lugar de publicación, distribución, etc. Santo Domingo,
Fecha de publicación, distribución, etc. 2002.
300 ## - DESCRIPCIÓN FÍSICA
Extensión 71 p.:
Otras características físicas il.;
Tipo de unidad 28 cm
500 ## - NOTA GENERAL
Nota general Conferencia auspiciada por la Universidad Católica Madre y Maestra y la Asociación para el Desarrollo de Santiago, 30 de enero 2002.
590 ## - NOTA LOCAL (RLIN)
Nota local Inventariado, 2022 / SA
611 #4 - PUNTO DE ACCESO ADICIONAL DE MATERIA--NOMBRE DE REUNIÓN/CONGRESO
Nombre de congreso/reunión o jurisdicción como elemento de entrada Conferencia
Sede del congreso/Lugar de la reunión (Santiago, República Dominicana)
Subdivisión general Economía
Subdivisión cronológica 2001-2002:
9 (RLIN) 82351
630 #4 - PUNTO DE ACCESO ADICIONAL DE MATERIA--TÍTULO UNIFORME
9 (RLIN) 53426
Título uniforme La economía dominicana
Subdivisión geográfica 2001-2002
650 #4 - PUNTO DE ACCESO ADICIONAL DE MATERIA--TÉRMINO DE MATERIA
9 (RLIN) 78263
Término de materia o nombre geográfico como elemento de entrada Economía
Subdivisión general Finanza
Subdivisión cronológica 2001-2002
Subdivisión geográfica República Dominicana
650 #0 - PUNTO DE ACCESO ADICIONAL DE MATERIA--TÉRMINO DE MATERIA
Término de materia o nombre geográfico como elemento de entrada Economia
Subdivisión de forma Conferencia
9 (RLIN) 85383
700 #1 - PUNTO DE ACCESO ADICIONAL--NOMBRE DE PERSONA
Nombre de persona Álvarez Bogaert, Fernando
Término indicativo de función/relación presentación
9 (RLIN) 56497
942 ## - ELEMENTOS DE PUNTO DE ACCESO ADICIONAL (KOHA)
Fuente del sistema de clasificación o colocación Dewey Decimal Classification
Tipo de ítem Koha Libro
Holdings
Estado de retiro Estado de pérdida Fuente del sistema de clasificación o colocación Restricciones de uso No para préstamo Código de colección Localización permanente Ubicación/localización actual Ubicación en estantería Fecha de adquisición Fuente de adquisición Total de préstamos Signatura topográfica completa Código de barras Fecha visto por última vez Precio válido a partir de Tipo de ítem Koha
    Dewey Decimal Classification Excluido de préstamo   Patrimonio Dominicano Biblioteca Nacional Pedro Henríquez Ureña Biblioteca Nacional Pedro Henríquez Ureña En catalogación 27.07.2017 Donado   BNPHU PD 330.97293 R426d 2022-3910 12.09.2022 12.09.2022 Libro

Powered by Koha